Miracles of naturopathy & yogic sciences / (Record no. 53822)

MARC details
000 -LEADER
fixed length control field 00880nam a22002537a 4500
005 - DATE AND TIME OF LATEST TRANSACTION
control field 20110713113241.0
008 - FIXED-LENGTH DATA ELEMENTS--GENERAL INFORMATION
fixed length control field 110713t xxu||||| |||| 00| 0 eng d
010 ## - LCCN (DPL NO)
LC control number ENG-103010
020 ## - INTERNATIONAL STANDARD BOOK NUMBER
International Standard Book Number 9788190551977
Terms of availability 600.00
035 ## - SYSTEM CONTROL NUMBER
System control number EN-86543
037 ## - SOURCE OF ACQUISITION
Source of stock number/acquisition DBAD / PUB
040 ## - CATALOGING SOURCE
Original cataloging agency dpl
Language of cataloging English
082 ## - DEWEY DECIMAL CLASSIFICATION NUMBER
Classification number 615.535
100 ## - MAIN ENTRY--PERSONAL NAME
9 (RLIN) 29416
Personal name Nagendra Kumar Neeraj
245 ## - TITLE STATEMENT
Title Miracles of naturopathy & yogic sciences /
Statement of responsibility, etc by Nagendra Kumar Neeraj
260 ## - PUBLICATION, DISTRIBUTION, ETC. (IMPRINT)
Place of publication, distribution, etc Jaipur
Name of publisher, distributor, etc Popular Book Depot
Date of publication, distribution, etc 2010
270 ## - ADDRESS
Address G-15, S.S. Tower, Dhamani Street, Chaura Rasta
City Jaipur
Postal code 302003
300 ## - PHYSICAL DESCRIPTION
Extent xv,423p.
Dimensions 22cm (Hb)
650 ## - SUBJECT ADDED ENTRY--TOPICAL TERM
9 (RLIN) 29417
651 ## - SUBJECT ADDED ENTRY--GEOGRAPHIC NAME
9 (RLIN) 29488
700 ## - ADDED ENTRY--PERSONAL NAME
9 (RLIN) 29429
942 ## - ADDED ENTRY ELEMENTS (KOHA)
Source of classification or shelving scheme Dewey Decimal Classification
Item type English Books
Call number suffix NAG
Classification part 615.535
Holdings
Withdrawn status Lost status Source of classification or shelving scheme Damaged status Not for loan Collection code Home library Current library Date acquired Source of acquisition Cost, normal purchase price Total Checkouts Full call number Barcode Date last seen Copy number Cost, replacement price Koha item type
    Dewey Decimal Classification   Not For Loan Non-fiction D.B.Act.Division D.B.Act.Division 13/07/2011 DBAD/PUB 600.00   615.535 NAG EN-86543 13/07/2011 1 600.00 English Books

© Delhi Public Library
Hit Counter
free hit counter